Soccer Knowledge by Letter - A - Statistics

General Stats
  • This quiz has been taken 35 times
  • The average score is 7 of 10
Answer Stats
Hint Answer % Correct
Prominent Amsterdam team Ajax
94%
Liverpool stadium Anfield
94%
Won the World Cup in 2022 Argentina
94%
Hasn't won the premierleague since 2004 Arsenal
94%
Pass before a goal Assist
91%
Qarabag, Sabah, and Turanclubs are from this country Azerbaijan
72%
All-time leading goalscorerin EPL Alan Shearer
69%
Monaco club AS Monaco
59%
Athens club AEK Athens
47%
Bayern Munich stadium Allianz Stadium
34%
No matching quizzes found
Score Distribution
Percent of People with Each Score
Percentile by Number Answered
Your Score History
You have not taken this quiz